000
00251nam a2200097Ia 4500
001
795933
005
20250826170737.0
008
250824s9999 xx 000 0 und d
245
0
_a
SOSYAL ZAMAN VE DİN
_c
CELALEDDİN ÇELİK
260
_b
ÇİZGİ YAYINLARI
999
_c
795933
_d
795933